Normal view
MARC view
- تأليف الذهبي، شمس الدين محمد بن أحمد بن عثمان؛ حققه وعلق عليه روحية عبدالرحمن السويفي
Entry Personal Name
001 - CONTROL NUMBER
- control field: 18994
003 - CONTROL NUMBER IDENTIFIER
- control field: JO-AjAnu
005 - DATE AND TIME OF LATEST TRANSACTION
- control field: 20230606073327.0
008 - FIXED-LENGTH DATA ELEMENTS
- fixed length control field: 230606|| aca||aabn | a|a d
040 ## - CATALOGING SOURCE
- Original cataloging agency: JO-AjAnu
- Transcribing agency: JO-AjAnu
100 ## - HEADING--PERSONAL NAME
- Personal name: تأليف الذهبي، شمس الدين محمد بن أحمد بن عثمان؛ حققه وعلق عليه روحية عبدالرحمن السويفي
670 ## - SOURCE DATA FOUND
- Source citation: Work cat.: (JO-AjAnu)9746: تأليف الذهبي، شمس الدين محمد بن أحمد بن عثمان؛ حققه وعلق عليه روحية عبدالرحمن السويفي , author, معجم محدثي الذهبي للإمام شمس الدين محمد بن أحمد بن عثمان الذهبي